000 00341nam a2200121Ia 4500
005 20260326235443.0
008 260326s9999||||xx |||||||||||||| ||und||
100 _aChueca Goitia, Fernando
245 0 _aPlanos de Ciudades Iberomericanas y Filipinas /
_cFernando Chueca Goitia
260 _bArchivo de Indias
650 _aHISTORIA
942 _cBK
999 _c7474
_d7474